[Event "Stay Safe Play From Home 297"]
[Site "Emanuel Lasker Arena"]
[Date "2020.07.14"]
[Round "4"]
[White "BrainThinker22"]
[Black "Broken sword"]
[Result "1-0"]
[WhiteElo "2406"]
[BlackElo "2453"]
[Annotator "NA"]
[PlyCount "81"]
[EventDate "2020.07.14"]
[EventType "swiss (blitz)"]

1. e4 {[%emt 0:00:01]} c5 {[%emt 0:00:01]} 2. Nc3 {[%emt 0:00:00]} e6 {[%emt 0:00:01]} 3. g3 {[%emt 0:00:00]} a6 {[%emt 0:00:00]} 4. Bg2 {[%emt 0:00:00]} b5 {[%emt 0:00:00]} 5. d3 {[%emt 0:00:00]} Bb7 {[%emt 0:00:00]} 6. a3 {[%emt 0:00:00]} d6 {[%emt 0:00:00]} 7. Be3 {[%emt 0:00:00]} Nc6 {[%emt 0:00:01]} 8. Qd2 {[%emt 0:00:00]} Nf6 {[%emt 0:00:01]} 9. h3 {[%emt 0:00:01]} Nd7 {[%emt 0:00:00]} 10. Nge2 {[%emt 0:00:01]} Qc7 {[%emt 0:00:00]} 11. O-O {[%emt 0:00:00]} Nb6 {[%emt 0:00:00]} 12. f4 {[%emt 0:00:00]} Be7 {[%emt 0:00:00]} 13. g4 {[%emt 0:00:01]} g6 {[%emt 0:00:01]} 14. g5 {[%emt 0:00:01]} Rd8 {[%emt 0:00:03]} 15. f5 {[%emt 0:00:01]} gxf5 {[%emt 0:00:01]} 16. exf5 {[%emt 0:00:00]} e5 {[%emt 0:00:00]} 17. f6 {[%emt 0:00:02]} Bf8 {[%emt 0:00:00]} 18. Ng3 {[%emt 0:00:02]} Nd4 {[%emt 0:00:01]} 19. Bxd4 {[%emt 0:00:01]} cxd4 {[%emt 0:00:00]} 20. Nce2 {[%emt 0:00:01]} Bxg2 {[%emt 0:00:01]} 21. Kxg2 {[%emt 0:00:00]} Qc6+ {[%emt 0:00:00]} 22. Kh2 {[%emt 0:00:01]} Rc8 {[%emt 0:00:00]} 23. Rac1 {[%emt 0:00:02]} Rg8 {[%emt 0:00:01]} 24. Nf5 {[%emt 0:00:01]} Nd5 {[%emt 0:00:04]} 25. Neg3 {[%emt 0:00:01]} Nf4 {[%emt 0:00:01]} 26. Rxf4 {[%emt 0:00:01]} exf4 {[%emt 0:00:01]} 27. Qxf4 {[%emt 0:00:00]} Kd7 {[%emt 0:00:02]} 28. Qh4 {[%emt 0:00:05]} Kc7 {[%emt 0:00:01]} 29. Qxh7 {[%emt 0:00:01]} Kb8 {[%emt 0:00:00]} 30. Qxg8 {[%emt 0:00:01]} d5 {[%emt 0:00:01]} 31. Qxf7 {[%emt 0:00:02]} b4 {[%emt 0:00:01]} 32. axb4 {[%emt 0:00:01]} Bxb4 {[%emt 0:00:00]} 33. Ne7 {[%emt 0:00:02]} Qc7 {[%emt 0:00:01]} 34. Qe6 {[%emt 0:00:03]} Rd8 {[%emt 0:00:01]} 35. Nc6+ {[%emt 0:00:01]} Kb7 {[%emt 0:00:02]} 36. Nxd8+ {[%emt 0:00:00]} Qxd8 {[%emt 0:00:00]} 37. Rf1 {[%emt 0:00:01]} Bd6 {[%emt 0:00:01]} 38. f7 {[%emt 0:00:01]} Qc7 {[%emt 0:00:00]} 39. f8=Q {[%emt 0:00:04]} Bxf8 {[%emt 0:00:01]} 40. Rxf8 {[%emt 0:00:00]} Qxc2+ {[%emt 0:00:01]} 41. Qe2 {[%emt 0:00:01] Broken sword resigns (Lag: Av=0.36s, max=0.9s)} 1-0

[Event "Stay Safe Play From Home 297"]
[Site "Emanuel Lasker Arena"]
[Date "2020.07.14"]
[Round "4"]
[White "AChessPlayer"]
[Black "NTBT_DHS"]
[Result "1-0"]
[WhiteElo "2384"]
[BlackElo "2014"]
[Annotator "TA"]
[PlyCount "81"]
[EventDate "2020.07.14"]
[EventType "swiss (blitz)"]

{[%evp 17,81,45,56,36,44,25,30,22,22,26,60,0,23,22,33,37,54,28,46,45,135,137,118,0,42,0,0,-27,-29,-21,72,-7,-39,-22,-13,-125,80,75,583,581,523,0,145,142,234,212,257,248,802,680,29991,29992,29997,29998,29998,29983,29983,29984,29991,29992,29993,29993,29995,29996,29996,29987]} 1. e4 g6 2. d4 Bg7 3. c4 d6 4. Nc3 Nf6 5. Nge2 O-O 6. Ng3 c5 7. d5 e6 8. Be2 exd5 9. cxd5 Re8 10. O-O {A65: Modern Benoni: 6 e4.} Nbd7 11. Bg5 a6 12. Qd2 {White has an edge.} b5 13. f3 Bb7 {[#]} 14. a3 $146 (14. a4 $14) ({Predecessor:} 14. Rac1 Qa5 15. b3 Rac8 16. Qf4 Re5 17. Rc2 Ne8 18. Nd1 Bf6 19. Bxf6 Nexf6 20. Qh6 {½-½ (36) Rorosgaard,J-Schmandt,G (2280) ICCF corr 1998}) 14... Qb6 15. Kh1 Ne5 16. Bh6 Bh8 17. h3 Rab8 18. f4 Nc4 (18... Ned7 $1 $14) 19. Bxc4 $1 $16 bxc4 20. e5 (20. Rae1 $16) 20... dxe5 $14 21. f5 Rbd8 {[%cal Rf6d5]} 22. fxg6 hxg6 {[%cal Rf6d5]} 23. Bg5 {aiming for Bxf6.} Rd6 (23... Nxd5 $11 {remains equal.} 24. Bxd8 Rxd8) 24. Qf2 ({Better is} 24. Bxf6 $16 Rxf6 25. Rxf6 Bxf6 26. Nge4) 24... Qc7 $11 25. Rad1 Nxd5 {...Nf4! is the strong threat.} 26. Nce4 (26. Nge4 $11 {was the only way to keep the balance.} Nxc3 {[%mdl 64] Discovered Attack} 27. Nxd6 Nxd1 28. Rxd1) 26... Rde6 $2 (26... Rb6 $17 {and life is bright. Hoping for ...Nf4!} 27. Nxc5 Ba8) 27. Nxc5 $16 ({But not} 27. Qxc5 Qc6 $15) 27... f5 $2 {[%mdl 8192]} (27... e4 $16) 28. Nxe6 $18 Rxe6 {[#]} 29. Ne2 $2 (29. Nxf5 $1 $18 {[%mdl 512] White threatens Nh6+ and mate.} Bf6 (29... gxf5 30. Qxf5) 30. Nh6+ Kh7 31. Bxf6 Nxf6 32. Ng4 Nxg4 33. hxg4) 29... Qc6 (29... Re8 $11 {keeps the balance.}) 30. Nc3 $36 {[%mdl 2048] White is in control.} Nxc3 (30... Rd6 $16) 31. bxc3 {Black must now prevent Rd8+.} Bg7 32. Rd8+ Kf7 $2 (32... Re8 33. Rxe8+ Qxe8) 33. Rfd1 $18 {Threatening mate with R1d7+.} Bc8 34. Qa7+ {White mates.} Qb7 35. Qxb7+ Bxb7 36. R8d7+ Kg8 37. Rxb7 e4 38. Rd8+ Kh7 {[#]} 39. Rdd7 $1 e3 40. Rxg7+ Kh8 41. Rge7 {Accuracy: White = 60%, Black = 33%.} 1-0

[Event "Stay Safe Play From Home 297"]
[Site "Emanuel Lasker Arena"]
[Date "2020.07.14"]
[Round "4"]
[White "Mepe_Nika"]
[Black "Toosieslide"]
[Result "1-0"]
[WhiteElo "2348"]
[BlackElo "2243"]
[Annotator "TA"]
[PlyCount "77"]
[EventDate "2020.07.14"]
[EventType "swiss (blitz)"]

{[%evp 11,76,0,0,-8,0,-1,12,20,20,0,92,82,75,64,66,56,70,54,93,89,63,61,92,0,44,-23,102,65,102,96,127,61,77,0,78,53,47,29,550,434,558,112,445,0,-35,-309,232,0,0,-201,-145,-362,0,0,0,-18,278,267,5173,5185,1854,591,571,549,1184,518,29999]} 1. d4 d5 2. Bf4 Nf6 3. e3 c5 4. c3 Nc6 5. Nd2 e6 6. Bd3 Bd6 7. Bxd6 {D00: 1 d4 d5: Unusual lines.} Qxd6 8. f4 b6 9. Ngf3 {The position is equal.} Bb7 10. O-O {[#]} O-O-O $146 (10... cxd4 $11 11. cxd4 O-O) ({Predecessor:} 10... O-O 11. Ne5 Ne7 12. Qf3 cxd4 13. exd4 Ng6 14. Rae1 a6 15. Ng4 Nxg4 16. Qxg4 {1-0 (16) Petrova,I (2087)-Efremov,V (2188) chess.com INT 2020}) 11. Ne5 Qc7 12. b4 c4 13. Bc2 Ne8 14. a4 f6 15. Nxc6 Bxc6 16. b5 Bb7 17. a5 (17. e4 $16) 17... bxa5 18. e4 (18. Ra2 $14) 18... dxe4 (18... Nd6 $11 {keeps the balance.}) 19. Nxe4 Nd6 20. Nc5 Rhe8 21. Qb1 (21. Rb1 $16) 21... Bd5 $1 $14 22. Bxh7 (22. Ra2 $16) 22... Nb7 (22... f5 $11 {remains equal.} 23. Re1 Nb7) 23. Na6 Qb6 24. Re1 e5 $2 {[%mdl 8192]} (24... f5 $1 $11) 25. fxe5 fxe5 26. Kh1 $2 (26. Bf5+ $18 {has better winning chances.} Be6 27. Bxe6+ Qxe6 28. Rxe5) 26... exd4 $2 {[%mdl 8192]} (26... g6 $16 {is tougher.}) 27. Rxe8 $2 (27. Bf5+ $18 Re6 28. Re5 {[%mdl 64] Pin}) 27... Rxe8 $15 28. Bf5+ $2 {[%mdl 8192]} (28. Qf5+ $15 Be6 29. Qh5) 28... Be6 $4 {[%mdl 8192]} (28... Kd8 $19 {avoids the disaster. ...Nd6 is the strong threat.} 29. Qf1 Qf6 30. cxd4 (30. Qf4 $2 Nd6 $19) 30... Nd6 {[%mdl 64] Double Attack}) 29. cxd4 $2 (29. Qe4 $18 {Black must now prevent Re1.} g6 30. Bg4 (30. Bxg6 Rf8 $16)) 29... Qxd4 $11 {Strongly threatening ...Qe5.} 30. h3 $2 (30. Qe1 $11 Nd8 31. Qxa5) 30... Qe5 31. Be4 $2 {[#]} (31. Bg6 $17 {was forced.} Rf8 32. Qe1 Qxe1+ 33. Rxe1) 31... Bd5 $2 ({Better is} 31... Bxh3 $1 $19 {[%mdl 512]} 32. gxh3 Qxe4+ 33. Qxe4 Rxe4) 32. Bxd5 Qxd5 33. Qg6 Re2 $2 {[%mdl 8192]} (33... Nd6 $11 {and Black has nothing to worry.} 34. Qg4+ Nf5) 34. Qxg7 $18 {[%csl Ga6][%cal Rg7c7]} Qd7 $2 (34... Qe5 35. Qg8+ {[%mdl 64] Double Attack} Kd7 36. Qf7+ Kd8 37. Qf8+ Qe8 38. Qf6+ Kc8) 35. Qg8+ {[%mdl 64] Double Attack} Re8 36. Qg3 (36. Qxc4+ $142 Kd8 37. Qh4+ Re7 38. Nb8) 36... Nd6 37. Rd1 Re6 38. Qg8+ (38. Qf3 $142 {[%cal Rf3a8]} Re4 {[#]} 39. Nc5 $1 {[%mdl 576] Double Attack}) 38... Kb7 (38... Qe8 $18 39. Qg4 Qg6) 39. Qb8# {Accuracy: White = 42%, Black = 23%.} 1-0

[Event "Stay Safe Play From Home 297"]
[Site "Emanuel Lasker Arena"]
[Date "2020.07.14"]
[Round "4"]
[White "Fischer_11"]
[Black "Lamborghini"]
[Result "0-1"]
[WhiteElo "2089"]
[BlackElo "2159"]
[Annotator "NA"]
[PlyCount "94"]
[EventDate "2020.07.14"]
[EventType "swiss (blitz)"]

1. e4 {[%emt 0:00:06]} c5 {[%emt 0:00:02]} 2. c3 {[%emt 0:00:02]} d6 {[%emt 0:00:01]} 3. d4 {[%emt 0:00:01]} Nf6 {[%emt 0:00:02]} 4. dxc5 {[%emt 0:00:01]} g6 {[%emt 0:00:02]} 5. cxd6 {[%emt 0:00:02]} Bg7 {[%emt 0:00:01]} 6. dxe7 {[%emt 0:00:01]} Qxe7 {[%emt 0:00:01]} 7. Bd3 {[%emt 0:00:01]} O-O {[%emt 0:00:01]} 8. Nf3 {[%emt 0:00:02]} Nxe4 {[%emt 0:00:01]} 9. Bxe4 {[%emt 0:00:00]} Qxe4+ {[%emt 0:00:01]} 10. Qe2 {[%emt 0:00:00]} Qxe2+ {[%emt 0:00:01]} 11. Kxe2 {[%emt 0:00:00]} b6 {[%emt 0:00:01]} 12. Re1 {[%emt 0:00:01]} Ba6+ {[%emt 0:00:00]} 13. Kd2 {[%emt 0:00:06]} Nd7 {[%emt 0:00:01]} 14. Kc2 {[%emt 0:00:05]} Nc5 {[%emt 0:00:01]} 15. Be3 {[%emt 0:00:01]} Bd3+ {[%emt 0:00:02]} 16. Kc1 {[%emt 0:00:01]} Ne6 {[%emt 0:00:06]} 17. Nbd2 {[%emt 0:00:02]} Rac8 {[%emt 0:00:02]} 18. Rd1 {[%emt 0:00:04]} Rfd8 {[%emt 0:00:01]} 19. Ne5 {[%emt 0:00:03]} Be2 {[%emt 0:00:01]} 20. Re1 {[%emt 0:00:01]} Bb5 {[%emt 0:00:02]} 21. Nef3 {[%emt 0:00:02]} h6 {[%emt 0:00:02]} 22. Nb3 {[%emt 0:00:01]} f5 {[%emt 0:00:05]} 23. Nbd4 {[%emt 0:00:01]} Nxd4 {[%emt 0:00:01]} 24. Nxd4 {[%emt 0:00:00]} Bxd4 {[%emt 0:00:01]} 25. Bxd4 {[%emt 0:00:00]} Rxd4 {[%emt 0:00:01]} 26. a4 {[%emt 0:00:02]} Rxa4 {[%emt 0:00:02]} 27. Rxa4 {[%emt 0:00:02]} Bxa4 {[%emt 0:00:01]} 28. Re6 {[%emt 0:00:00]} Kf7 {[%emt 0:00:01]} 29. Rd6 {[%emt 0:00:01]} Rc7 {[%emt 0:00:01]} 30. Rd4 {[%emt 0:00:01]} Bd7 {[%emt 0:00:01]} 31. b3 {[%emt 0:00:01]} Be6 {[%emt 0:00:00]} 32. Kb2 {[%emt 0:00:00]} Rd7 {[%emt 0:00:01]} 33. Rxd7+ {[%emt 0:00:01]} Bxd7 {[%emt 0:00:01]} 34. c4 {[%emt 0:00:00]} Bc6 {[%emt 0:00:00]} 35. Kc3 {[%emt 0:00:00]} Bxg2 {[%emt 0:00:01]} 36. b4 {[%emt 0:00:00]} Bc6 {[%emt 0:00:03]} 37. c5 {[%emt 0:00:00]} b5 {[%emt 0:00:01]} 38. Kd4 {[%emt 0:00:01]} Ke6 {[%emt 0:00:00]} 39. f4 {[%emt 0:00:01]} a6 {[%emt 0:00:00]} 40. h4 {[%emt 0:00:00]} h5 {[%emt 0:00:01]} 41. Ke3 {[%emt 0:00:01]} Kd5 {[%emt 0:00:00]} 42. Kd3 {[%emt 0:00:01]} Bd7 {[%emt 0:00:01]} 43. Ke3 {[%emt 0:00:01]} Kc6 {[%emt 0:00:00]} 44. Kd3 {[%emt 0:00:01]} Be6 {[%emt 0:00:00]} 45. Kd4 {[%emt 0:00:00]} Bc4 {[%emt 0:00:00]} 46. Ke5 {[%emt 0:00:00]} a5 {[%emt 0:00:00]} 47. Kf6 {[%emt 0:00:00]} a4 {[%emt 0:00:00] Zeit (Lag: Av=0.24s, max=0.7s)} 0-1

[Event "Stay Safe Play From Home 297"]
[Site "Emanuel Lasker Arena"]
[Date "2020.07.14"]
[Round "4"]
[White "Bardellosport"]
[Black "TheCHESSHOUSE"]
[Result "0-1"]
[WhiteElo "2032"]
[BlackElo "1620"]
[Annotator "TA"]
[PlyCount "92"]
[EventDate "2020.07.14"]
[EventType "swiss (blitz)"]

{[%evp 9,91,-8,-13,-24,1,-21,-4,0,4,0,0,5,8,-40,-11,-60,-50,-143,-104,-129,-129,-129,-102,-136,-74,-81,-64,-160,-69,-66,-63,-53,-56,-97,-90,-128,-128,-118,-118,-128,-125,-154,-161,-248,-258,-341,-340,-320,-326,-740,-717,-1101,-718,-1566,-718,-717,-694,-925,-776,-756,-747,-603,-625,-2366,-1262,-1488,-1453,-1393,-1437,-1349,-1353,-2704,-2505,-29978,-29979,-29992,-29993,-29995,-29996,-29996,-29997,-29998,-29999,-29999]} 1. d4 Nf6 2. e3 g6 3. f4 Bg7 4. Nf3 d5 5. Bd3 O-O 6. Qe2 {A03: Bird's Opening with 1...d5.} Nbd7 7. c3 c5 8. Nbd2 {The position is equal.} b6 9. O-O Bb7 10. Ne5 e6 11. g4 Ne4 {[#]} 12. Bxe4 $146 ({Predecessor:} 12. Qg2 f5 13. Nxd7 Qxd7 14. g5 a5 15. Nf3 a4 16. Bd2 Ba6 17. Bxa6 Rxa6 18. Be1 {0-1 (34) Bergmann,J (2235)-Schaffarczyk,A (2105) Recklinghausen 2002}) 12... dxe4 13. Qg2 (13. b3 $15) 13... f5 14. g5 Nxe5 15. dxe5 Ba6 16. Re1 Qd5 (16... h6 $142 {And now ...hxg5 would win.} 17. gxh6 Qh4 {[%mdl 64] Double Attack}) 17. b3 $17 Qd3 18. Nf1 (18. Bb2 $15) 18... Rfd8 (18... Qxc3 $17 19. Bb2 Qb4) 19. Bb2 $15 Qb5 20. c4 Qc6 21. Qe2 {White is on the road to losing.} b5 22. Rac1 bxc4 23. bxc4 Rab8 24. Bc3 Bf8 25. Rc2 Qa4 26. Rec1 (26. Bb2 {was necessary.}) 26... Bxc4 $19 27. Qf2 Bd3 28. Rd2 c4 29. Bd4 $2 (29. Qe1) 29... Ba3 30. Rc3 Bb4 {aiming for ...Rxd4.} 31. Rcc2 Bxc2 (31... Bxd2 $142 32. Rxd2 {[#]} Rxd4 $1 {[%mdl 512]}) 32. Rxc2 Rdc8 33. h4 c3 34. h5 Bf8 35. hxg6 hxg6 36. Ng3 Rb1+ 37. Kg2 {[#]} Rb2 $1 38. Re2 (38. Rxb2 cxb2) 38... Rxe2 39. Nxe2 c2 40. Nc1 Qa3 41. Qd2 Bb4 {Black mates.} 42. Qe2 Qxc1 43. Qb5 Qd2+ 44. Kh3 c1=Q 45. Qd7 Qh1+ 46. Kg3 Qdg2# {Accuracy: White = 25%, Black = 61%.} 0-1

[Event "Stay Safe Play From Home 297"]
[Site "Emanuel Lasker Arena"]
[Date "2020.07.14"]
[Round "4"]
[White "Sfantul321"]
[Black "NeatFox"]
[Result "1-0"]
[WhiteElo "1976"]
[BlackElo "1868"]
[Annotator "NA"]
[PlyCount "37"]
[EventDate "2020.07.14"]
[EventType "swiss (blitz)"]

1. c4 {[%emt 0:00:00]} c6 {[%emt 0:00:01]} 2. Nc3 {[%emt 0:00:00]} d5 {[%emt 0:00:00]} 3. cxd5 {[%emt 0:00:00]} cxd5 {[%emt 0:00:00]} 4. d4 {[%emt 0:00:00]} e6 {[%emt 0:00:00]} 5. Nf3 {[%emt 0:00:00]} Nf6 {[%emt 0:00:00]} 6. Bg5 {[%emt 0:00:01]} Be7 {[%emt 0:00:01]} 7. e3 {[%emt 0:00:00]} O-O {[%emt 0:00:00]} 8. Bd3 {[%emt 0:00:00]} Bd7 {[%emt 0:00:01]} 9. Rc1 {[%emt 0:00:01]} Bc6 {[%emt 0:00:00]} 10. O-O {[%emt 0:00:01]} Nbd7 {[%emt 0:00:00]} 11. h3 {[%emt 0:00:01]} h6 {[%emt 0:00:01]} 12. Bf4 {[%emt 0:00:01]} Nh5 {[%emt 0:00:01]} 13. Bh2 {[%emt 0:00:01]} Nb6 {[%emt 0:00:02]} 14. Bb1 {[%emt 0:00:02]} Bd6 {[%emt 0:00:00]} 15. Qd3 {[%emt 0:00:01]} Nf6 {[%emt 0:00:01]} 16. Be5 {[%emt 0:00:02]} Bxe5 {[%emt 0:00:01]} 17. dxe5 {[%emt 0:00:01]} Ne4 {[%emt 0:00:00]} 18. Nd2 {[%emt 0:00:01]} Nxc3 {[%emt 0:00:01]} 19. Qh7# {[%emt 0:00:01] (Lag: Av=0.40s, max=0.7s)} 1-0

[Event "Stay Safe Play From Home 297"]
[Site "Emanuel Lasker Arena"]
[Date "2020.07.12"]
[Round "4"]
[White "Chesstiger9"]
[Black "AChessPlayer"]
[Result "1/2-1/2"]
[WhiteElo "1963"]
[BlackElo "2357"]
[Annotator "TA"]
[PlyCount "99"]
[EventDate "2020.07.12"]
[EventType "swiss (blitz)"]

{[%evp 17,99,0,0,0,0,0,0,0,0,0,4,0,10,-7,0,-14,-16,-9,0,-16,16,-8,0,0,0,-15,7,-22,0,0,32,0,14,0,34,19,39,0,31,-13,-14,-15,-7,-7,-7,-22,-8,-13,-8,-8,-12,-5,-13,-13,-13,-9,-11,-11,-10,0,-7,-23,0,-23,-23,-39,-39,-39,-39,-39,-12,-27,0,0,0,0,0,0,0,0,0,0,20,20]} 1. e4 c5 2. c3 Nf6 3. e5 Nd5 4. Nf3 d6 5. d4 cxd4 6. cxd4 e6 7. Nc3 Nxc3 8. bxc3 Qc7 9. Bd2 Nd7 {[%cal Rd6e5]} 10. Bb5 {B22: Sicilian: 2 c3.} a6 11. Bxd7+ Bxd7 12. O-O Bb5 13. Re1 {[#]} Be7 $146 ({Predecessor:} 13... dxe5 14. Nxe5 Bd6 15. a4 Bc6 16. Qg4 Bxe5 17. Rxe5 O-O-O 18. a5 Qd7 19. Bf4 f6 20. Qxe6 Bxg2 {1-0 (27) Tuominen,T (2003)-Sorsa,N (2226) Tampere 1999}) 14. a4 Bc4 15. Bg5 O-O 16. Bxe7 Qxe7 17. exd6 Qxd6 18. Ne5 Bd5 19. Re3 f6 20. Nd3 Rac8 21. Rc1 Rfe8 22. Rh3 Be4 23. Nc5 Bf5 24. Rg3 Rc7 25. Qf3 b5 26. axb5 axb5 27. Qe2 b4 28. Qc4 (28. Qb5 $5 {[%cal Rb5e8]} Rd8 29. Qxb4 $14) 28... bxc3 {[#] Strongly threatening ...c2.} 29. Rgxc3 Rec8 30. h3 h5 31. Qb4 Kh7 32. Qb5 Qxd4 33. Nxe6 $1 Rxc3 34. Nxd4 Rxc1+ 35. Kh2 Bg6 36. Qd7 R1c7 37. Qd6 Ra7 38. Ne6 Bf7 39. Nf4 Re8 40. Qd3+ Kg8 41. Qd4 Ra5 42. Qb4 Rae5 43. f3 h4 44. Qd4 g5 45. Nd3 {The position is equal.} Rd5 46. Qxf6 Rxd3 47. Qxg5+ Kh7 48. Qxh4+ Kg7 49. Qg5+ Bg6 50. h4 {Accuracy: White = 88%, Black = 81%.} 1/2-1/2

[Event "Stay Safe Play From Home 297"]
[Site "Emanuel Lasker Arena"]
[Date "2020.07.12"]
[Round "4"]
[White "Patzeroglu"]
[Black "Lazieri3"]
[Result "1/2-1/2"]
[WhiteElo "1924"]
[BlackElo "1987"]
[Annotator "TA"]
[PlyCount "36"]
[EventDate "2020.07.12"]
[EventType "swiss (blitz)"]

{[%evp 12,36,9,9,9,6,8,5,4,3,4,0,0,-15,20,0,12,0,0,0,0,0,0,0,0,0,0]} 1. e4 c6 2. d4 d5 3. Nc3 dxe4 4. Nxe4 Nd7 5. Bd3 Ngf6 6. Ne2 Nxe4 7. Bxe4 {The position is equal.} Nf6 {B17: Caro-Kann: Modern Line (4...Nd7).} 8. Bf3 Bf5 9. O-O e6 10. Bf4 Bd6 11. c3 {[#]} Bxf4 $146 ({Predecessor:} 11... O-O 12. Bxd6 Qxd6 13. Ng3 Bg6 14. Re1 Rad8 15. Ne4 Nxe4 16. Bxe4 Bxe4 17. Rxe4 c5 {0-1 (37) Mittelbach,E (1667)-Moerwald,M (1791) Playchess.com INT 2020}) 12. Nxf4 O-O (12... h5 {with more complications.} 13. h4 Nd5 14. Nxd5 cxd5 15. Qe2 Kf8) 13. Qb3 Qb6 14. Qxb6 axb6 15. a3 b5 16. Rad1 h6 17. Nd3 Be4 18. Be2 Bxd3 {A rather calm draw. Accuracy: White = 100%, Black = 92%.} 1/2-1/2

[Event "Stay Safe Play From Home 297"]
[Site "Emanuel Lasker Arena"]
[Date "2020.07.12"]
[Round "4"]
[White "sadbat1122"]
[Black "Haris kollari 13"]
[Result "0-1"]
[WhiteElo "1666"]
[BlackElo "1868"]
[Annotator "NA RC"]
[PlyCount "80"]
[EventDate "2020.07.12"]
[EventType "swiss (blitz)"]

1. e4 {[%emt 0:00:06]} e5 {[%emt 0:00:02]} 2. Nf3 {[%emt 0:00:04]} Nc6 {[%emt 0:00:02]} 3. Bb5 {[%emt 0:00:02]} d6 {[%emt 0:00:01]} 4. Bxc6+ {[%emt 0:00:02]} bxc6 {[%emt 0:00:01]} 5. d4 {[%emt 0:00:01]} exd4 {[%emt 0:00:01]} 6. Qxd4 {[%emt 0:00:02]} c5 {[%emt 0:00:03]} 7. Qc3 {[%emt 0:00:07]} Be6 {[%emt 0:00:01]} 8. Bg5 {[%emt 0:00:07]} Qd7 {[%emt 0:00:05]} 9. O-O {[%emt 0:00:10]} Qc6 {[%emt 0:00:03]} 10. Nbd2 {[%emt 0:00:03]} h6 {[%emt 0:00:03]} 11. Bh4 {[%emt 0:00:04]} f6 {[%emt 0:00:10]} 12. a4 {[%emt 0:00:24]} Rb8 {[%emt 0:00:03]} 13. b3 {[%emt 0:00:03]} Ne7 {[%emt 0:00:06]} 14. Bg3 {[%emt 0:00:09]} Ng6 {[%emt 0:00:04]} 15. Nh4 {[%emt 0:00:12]} Nxh4 {[%emt 0:00:13]} 16. Bxh4 {[%emt 0:00:02]} Be7 {[%emt 0:00:00]} 17. Rae1 {[%emt 0:00:13]} O-O {[%emt 0:00:01]} 18. Qg3 {[%emt 0:00:07]} Kh7 {[%emt 0:00:03]} 19. Qe3 {[%emt 0:00:07]} Bf7 {[%emt 0:00:05]} 20. f4 {[%emt 0:00:11]} Rfe8 {[%emt 0:00:02]} 21. f5 {[%emt 0:00:08]} c4 {[%emt 0:00:17]} 22. bxc4 {[%emt 0:00:15]} Bxc4 {[%emt 0:00:07]} 23. Rf2 {[%emt 0:00:27]} Bf7 {[%emt 0:00:05]} 24. Nf3 {[%emt 0:00:07]} Rb4 {[%emt 0:00:09]} 25. Nd4 {[%emt 0:00:08]} Qxa4 {[%emt 0:00:03]} 26. c3 {[%emt 0:00:04]} Rc4 {[%emt 0:00:02]} 27. Qg3 {[%emt 0:00:20]} Bf8 {[%emt 0:00:10]} 28. Rff1 {[%emt 0:00:21]} c5 {[%emt 0:00:12]} 29. Ne6 {[%emt 0:00:04]} Rxe4 {[%emt 0:00:06]} 30. Rxe4 {[%emt 0:00:07]} Qxe4 {[%emt 0:00:02]} 31. Re1 {[%emt 0:00:07]} Qxf5 {[%emt 0:00:04]} 32. Nxf8+ {[%emt 0:00:04]} Rxf8 {[%emt 0:00:01]} 33. Qxd6 {[%emt 0:00:04]} Rg8 {[%emt 0:00:05]} 34. Bf2 {[%emt 0:00:03]} c4 {[%emt 0:00:02]} 35. Bxa7 {[%emt 0:00:06]} Qd3 {[%emt 0:00:11]} 36. Bd4 {[%emt 0:00:02]} Bg6 {[%emt 0:00:07]} 37. Qd7 {[%emt 0:00:05]} Be8 {[%emt 0:00:16]} 38. Qe7 {[%emt 0:00:05]} Bg6 {[%emt 0:00:04]} 39. Bxf6 {[%emt 0:00:02]} Qd2 {[%emt 0:00:12]} 40. Bd4 {[%emt 0:00:03]} Bd3 {[%emt 0:00:10] Time (Lag: Av=0.78s, max=1.8s)} 0-1